Welcome to the Holygrace Academy Library

Please use search bar below to get started

RASCAL (Record no. 8010)

MARC details
000 -LEADER
fixed length control field 00259nam a22001217a 4500
082 ## - DEWEY DECIMAL CLASSIFICATION NUMBER
Classification number 823
Item number MIL/R
100 ## - MAIN ENTRY--AUTHOR NAME
Personal name MILES, ELLEN
245 ## - TITLE STATEMENT
Title RASCAL
260 ## - PUBLICATION, DISTRIBUTION, ETC. (IMPRINT)
Place of publication LONDON
Name of publisher SCHOLASTIC
Year of publication 2006
300 ## - PHYSICAL DESCRIPTION
Number of Pages 74
650 ## - SUBJECT ADDED ENTRY--TOPICAL TERM
Topical Term ENGLISH FICTION
Geographic subdivision UNITED KINGDOM
942 ## - ADDED ENTRY ELEMENTS (KOHA)
Koha item type Books
Holdings
Withdrawn status Lost status Collection code Home library Current library Shelving location Date acquired Source of acquisition Full call number Accession Number Koha item type
    Fiction Main Library Main Library SHELF 4-B ANIMAL ARK 19/07/2019 purchase 823 MIL/R 11409 Books